Inuaf studia (Registo nº 1)
[ vista simples ]
| 000 -Etiqueta do registo | |
|---|---|
| Cabeçalho | 00968cas a2200337 4500 |
| 011 ## - Número internacional normalizado das publicações em série (ISSN) | |
| Número (ISSN) | 0874-8608 |
| 005 - Identificador da versão | |
| Campo de controlo | 20240813121751.0 |
| 021 ## - Número do Depósito Legal | |
| Código do país | PT |
| Número | 148974/00 |
| 035 ## - Other System Control Numbers | |
| System Control Number | 0000001 |
| System Control Number | 0000001 |
| System Control Number | 0000001 |
| System Control Number | 0000001 |
| 100 ## - Dados gerais de processamento | |
| Dados gerais de processamento | 20001008a20009999km y0pory5003 ba |
| 102 ## - Pais de publicação ou produção | |
| País de publicação | Portugal |
| 110 ## - Campo de dados codificados: Publicações em Série | |
| Dados codificados das publicações em série | auuzz 0yu0 |
| 101 0# - Língua de publicação | |
| Língua do texto, banda sonora, etc. | Português |
| 106 ## - Campo de dados codificados: material textual | |
| Dados codificados do material textual | r |
| 215 ## - Descrição física | |
| Dimensões | 24 cm |
| 200 1# - Titulo e menção de responsabilidade | |
| Título próprio | Inuaf studia |
| Primeira menção de responsabilidade | INUAF Instituto Universitário D. Afonso III |
| 210 ## - Publicação, Distribuição, etc. | |
| Lugar da edição, distribuição, etc. | Loulé |
| Nome do editor, distribuidor, etc. | INUAF |
| Data da publicação, distribuição, etc. | 2000 |
| 207 ## - Publicações em Série - Numeração | |
| Numeração: indicação de datas e volumes | A. 1, supl. 1 (2000)- |
| 300 ## - Notas gerais | |
| Texto da nota | aContém exercícios para 5 disciplinas: Matemática, Língua Portuguesa, Ciências da Natureza, História e Geografia de Portugal, Inglês |
| 530 0# - Título chave (publicações em série) | |
| Key Title | Inuaf studia |
| 620 ## - Acesso pelo local | |
| City | Loulé |
| 675 ## - Classificação Decimal Universal (CDU) | |
| Notação | 378(469.601)(05) |
| Edição | BN |
| Língua da edição | por |
| 712 02 - Nome de colectividade-autor (responsabilidade secundária) | |
| Número de registo de entrada de autoridade | 0000002 |
| Palavra de ordem | INUAF Instituto Universitário Dom Afonso III |
| Código de função | Editor comercial / Proprietário |
| 966 ## - Identificação da Biblioteca | |
| Sigla | NUMETECA |
| 942 ## - Elementos de entrada adicionados (Koha) | |
| Tipo de item no Koha | Livro |
| Situação do levantamento | Origin of item (home branch) (coded) | Biblioteca de empréstimo | Código de barras | Cota | Circulation type (not for loan) | Tipo de documento | Nota do exemplar | Damaged status |
|---|---|---|---|---|---|---|---|---|
| Biblioteca Escolar Eng. Nuno Mergulhão | Biblioteca Escolar Eng. Nuno Mergulhão | BENM1035 | 378 | Livro | Sem mensagem |
